000 02418nam a2200613 i 4500
001 35503
003 KOSZ 005
005 20201103115128.0
008 201103s1972 pl a f 001 0 pol
015 _aUWD 1972/3678
035 _a991039013919705066
035 _a(PL-WaBN)b20438709-48omnis_nlop
035 _ab20438709
035 _a(OCoLC)749865695
035 _a(PL)b0000002043870
035 _a(EXLNZ-48OMNIS_NETWORK)9910021691205606
040 _aWA N
_cWA N
_dKOSZ 005/RW
046 _k1966
080 _a66
080 _a681.2
080 _a53
080 _a(075.8)
100 1 _aKulakov, Mihail Vasil'evič
_eAutor
245 1 0 _aPomiary technologiczne i aparatura kontrolno-pomiarowa w przemyśle chemicznym /
_cM. W. Kułakow ; tłumaczenie z języka rosyjskiego Henryk Błasiński [et al].
246 1 _iTytuł oryginału:
_aTehnologičeskie izmereniâ i pribory dlâ himičeskih proizvodstv
250 _aWydanie 2 poprawione i uzupełnione.
260 _aWarszawa :
_bWydawnictwa Naukowo-Techniczne,
_c1972.
300 _a535, [5] stron :
_bilustracje ;
_c25 cm.
336 _aTekst
_btxt
_2rdacontent
337 _aBez urządzenia pośredniczącego
_bn
_2rdamedia
338 _aWolumin
_bnc
_2rdacarrier
380 _aKsiążki
380 _aPublikacje fachowe
380 _aPublikacje dydaktyczne
385 _mPoziom nauczania
_aSzkoły wyższe
388 1 _a1901-2000
388 1 _a1945-1989
490 1 _aInżynieria Chemiczna
504 _aBibliografia na stronach [525]-526. Indeks.
521 8 _aKsiążka jest przeznaczona dla pracowników inżynieryjno-technicznych przemysłu chemicznego i przemysłów pokrewnych. Może ona stanowić uzupełnienie wykładów dla studentów specjalizujących się w automatyzacji procesów przemysłu chemicznego.
650 7 _aPrzemysł chemiczny
650 7 _aPomiary
650 7 _aPrzyrządy pomiarowe
650 7 _aBudowa i konstrukcje
655 7 _aPodręczniki akademickie
658 _aChemia
658 _aInżynieria i technika
700 1 _aBłasiński, Henryk
_d(1915-1995)
_eTłumaczenie
710 2 _aWydawnictwa Naukowo-Techniczne
_4pbl
830 0 _aInżynieria Chemiczna
856 _uhttp://koha.tu.koszalin.pl/cgi-bin/koha/opac-detail.pl?biblionumber=35503
_yKatalog online BPK
942 _2UKD
_cKS
999 _c35503
_d35503